| 000 -LEADER |
| fixed length control field |
00300nam a2200109Ia 4500 |
| 008 - FIXED-LENGTH DATA ELEMENTS--GENERAL INFORMATION |
| fixed length control field |
190906s9999||||xx |||||||||||||| ||und|| |
| 100 ## - MAIN ENTRY--PERSONAL NAME |
| Personal name |
Tehmina Durrani |
| 245 #0 - TITLE STATEMENT |
| Title |
Abdul Sattar Edhi : An Autobiography A Mirror To The Blind |
| 260 ## - PUBLICATION, DISTRIBUTION, ETC. (IMPRINT) |
| Place of publication, distribution, etc |
New York |
| Name of publisher, distributor, etc |
Addison -Wesley |
| Date of publication, distribution, etc |
2001 |
| 300 ## - PHYSICAL DESCRIPTION |
| Extent |
380 |
| 942 ## - ADDED ENTRY ELEMENTS (KOHA) |
| Koha item type |
Books |